[Event "Qatar Masters Open 2024"]
[Site "Doha QAT"]
[Date "2024.12.11"]
[Round "8.49"]
[White "Bukreev, Stanislav"]
[Black "Jin, Yueheng"]
[Result "1/2-1/2"]
[WhiteTitle "FM"]
[BlackTitle "IM"]
[WhiteElo "2384"]
[BlackElo "2309"]
[WhiteFideId "34252347"]
[BlackFideId "8616868"]
[EventDate "2024.12.03"]

1. d4 Nf6 2. c4 e6 3. Nf3 d5 4. Nc3 Nbd7 5. Bf4 dxc4 6. e3 Nd5 7. Bxc4 Nxf4 8.
exf4 Bb4 9. O-O O-O 10. Ne5 c5 11. d5 Bxc3 12. bxc3 exd5 13. Qxd5 Nxe5 14. Qxe5
Qf6 15. Qxf6 gxf6 16. Rfe1 Bd7 17. Bd5 Bc6 18. Bxc6 bxc6 19. Re7 Rfe8 20. Rc7
Rec8 21. Rd7 Rd8 22. Rad1 Rxd7 23. Rxd7 Rb8 24. g3 Rb1+ 25. Kg2 Rc1 26. Rxa7
Rxc3 27. Ra6 Kg7 28. Rxc6 Ra3 29. Rxc5 Rxa2 30. g4 h6 31. Kg3 Ra1 32. Rb5 Rg1+
33. Kf3 Rh1 34. Ra5 Rxh2 35. Rh5 Rxh5 36. gxh5 f5 37. Ke3 Kf6 38. Kd4 Ke6 39.
Kc5 Kd7 40. Kd5 f6 41. f3 Ke7 42. Kc6 Ke6 43. Kc7 Ke7 44. Kc6 Ke6 45. Kc7 1/2-1/2

[Event "Qatar Masters Open 2024"]
[Site "Doha QAT"]
[Date "2024.12.11"]
[Round "8.50"]
[White "Nayak, Rajesh"]
[Black "Moksh, Amit Doshi"]
[Result "1-0"]
[WhiteTitle "CM"]
[BlackTitle "IM"]
[WhiteElo "2292"]
[BlackElo "2383"]
[WhiteFideId "35017152"]
[BlackFideId "25064967"]
[EventDate "2024.12.03"]

1. e4 c5 2. Nf3 e6 3. d4 cxd4 4. Nxd4 Nc6 5. Nc3 Qc7 6. Ncb5 Qb8 7. Bd3 Nf6 8.
O-O Be7 9. Qe2 O-O 10. Kh1 a6 11. Nxc6 bxc6 12. Nc3 d5 13. f4 Re8 14. Bd2 Bb7
15. Rae1 Nd7 16. Na4 c5 17. c4 d4 18. e5 g6 19. b3 Qc7 20. Bc2 Bh4 21. Rd1 f5
22. exf6 Nxf6 23. Be1 Bxe1 24. Rdxe1 Rac8 25. Nb2 Kg7 26. Kg1 a5 27. Rf2 Rcd8
28. h3 Re7 29. Rff1 Rde8 30. Qf2 Rf8 31. Qh4 Qd6 32. Qg5 Nh5 33. f5 e5 34. fxg6
Rxf1+ 35. Rxf1 hxg6 36. Bxg6 Nf4 37. Be4+ Kh8 38. Qh4+ Kg8 39. Bxb7 Rxb7 40. Nd3
Rf7 41. Qg4+ Kh8 42. Nxf4 exf4 43. Re1 Qd8 44. Re6 d3 45. Qh5+ Kg8 46. Qg6+ Kf8
47. Qh6+ Rg7 48. Rd6 Qe7 49. Qxf4+ Kg8 50. Rxd3 1-0

[Event "Qatar Masters Open 2024"]
[Site "Doha QAT"]
[Date "2024.12.11"]
[Round "8.51"]
[White "Daakshin, Arun"]
[Black "Kamalidenova, Meruert"]
[Result "1/2-1/2"]
[WhiteTitle "FM"]
[BlackTitle "IM"]
[WhiteElo "2286"]
[BlackElo "2378"]
[WhiteFideId "366195016"]
[BlackFideId "13712802"]
[EventDate "2024.12.03"]

1. d4 Nf6 2. c4 g6 3. h4 d5 4. cxd5 Bg7 5. h5 gxh5 6. Nc3 Bf5 7. Qb3 O-O 8. f3
Bg6 9. e4 Nbd7 10. Qxb7 Ne8 11. Nge2 Nd6 12. Qc6 Rb8 13. Qa4 e6 14. dxe6 fxe6
15. Nf4 Qe8 16. e5 Nf5 17. Ne4 Nxd4 18. Nxg6 Rb4 19. Qd1 Qxg6 20. Rh3 Nxe5 21.
Be3 Rd8 22. Qc1 Nf5 23. Qxc7 Qe8 24. Bf4 Rc8 25. Qa5 Nc6 26. Qa6 Ncd4 27. Kf2
Qc6 28. Qa5 Ra4 29. Qc3 Nc2 30. Qxc6 Rxc6 31. Bb5 1/2-1/2

[Event "Qatar Masters Open 2024"]
[Site "Doha QAT"]
[Date "2024.12.11"]
[Round "8.52"]
[White "Al Hosani, Omran"]
[Black "Arun, Kataria"]
[Result "1-0"]
[WhiteTitle "IM"]
[BlackTitle "FM"]
[WhiteElo "2239"]
[BlackElo "2370"]
[WhiteFideId "9308733"]
[BlackFideId "46630368"]
[EventDate "2024.12.03"]

1. e4 e6 2. d4 d5 3. Nd2 c5 4. Ngf3 Nc6 5. dxc5 Bxc5 6. Bd3 Nf6 7. O-O dxe4 8.
Nxe4 Be7 9. Qe2 Qc7 10. c3 Nd5 11. Rd1 Nf4 12. Bxf4 Qxf4 13. Ng3 h5 14. Qe4 Qxe4
15. Nxe4 h4 16. Bb5 Rh5 17. Bxc6+ bxc6 18. Nd6+ Kf8 19. Nxc8 Rxc8 20. Rd7 a5 21.
Rad1 h3 22. Rb7 hxg2 23. Rdd7 Re8 24. Kxg2 c5 25. Nd2 Rg5+ 26. Kf1 Rf5 27. Nc4
Rf4 28. Nxa5 Bh4 29. Rd2 Kg8 30. Nc6 e5 31. Rb8 Rxb8 32. Nxb8 e4 33. Kg2 Rg4+
34. Kh3 Rf4 35. a4 Bxf2 36. a5 c4 37. a6 Bc5 38. Nc6 Rf1 39. a7 Bxa7 40. Nxa7 f5
41. Kg2 Re1 42. Kf2 Ra1 43. Nc8 f4 44. Re2 e3+ 45. Kf3 Rf1+ 46. Kg2 Rd1 47. Nb6
g5 48. h3 Kf7 49. Nxc4 Kf6 50. Kf3 Rh1 51. Ke4 Rxh3 52. b4 Rh8 53. Nxe3 fxe3 54.
Rxe3 Ke6 55. Kd4+ Kd6 56. b5 g4 57. c4 Rh5 58. b6 Rg5 59. Re8 Kc6 60. Re6+ Kb7
61. c5 Rg7 62. Kc4 g3 63. Kb5 Rg8 64. c6+ Kb8 65. Ka6 g2 66. c7+ Kc8 67. Re7 1-0

[Event "Qatar Masters Open 2024"]
[Site "Doha QAT"]
[Date "2024.12.11"]
[Round "8.53"]
[White "Aradhya, Garg"]
[Black "Vignesh Advaith Vemula"]
[Result "1/2-1/2"]
[WhiteTitle "IM"]
[WhiteElo "2365"]
[BlackElo "2276"]
[WhiteFideId "25006746"]
[BlackFideId "25792059"]
[EventDate "2024.12.03"]

1. d4 Nf6 2. Bf4 d5 3. e3 c5 4. Nf3 Nc6 5. Nbd2 cxd4 6. exd4 Qb6 7. Nb3 Bg4 8.
h3 Bh5 9. a4 a6 10. a5 Qd8 11. g4 Bg6 12. Ne5 e6 13. h4 Nxe5 14. dxe5 Qc7 15.
Qd4 Nxg4 16. f3 Nh6 17. h5 Bf5 18. Rc1 Ng8 19. c4 dxc4 20. Bxc4 Qd8 21. Qb6 Qxb6
22. axb6 Bb4+ 23. Ke2 Ne7 24. Rhd1 O-O 25. Rd7 Rab8 26. Be3 Rfc8 27. Rc7 Kf8 28.
Bxa6 bxa6 29. b7 Re8 30. Bc5 a5 31. Bd6 Bxd6 32. exd6 Nd5 33. Nxa5 e5 34. d7
Nf4+ 35. Ke3 Nd5+ 36. Kf2 Nxc7 37. Rxc7 Bxd7 38. Rxd7 Rbd8 39. Rxd8 Rxd8 40. Nc6
Rd2+ 41. Kg3 Rxb2 42. b8=Q+ Rxb8 43. Nxb8 Ke7 44. Kg4 Ke6 45. Nc6 h6 46. Nb4 g6
47. hxg6 fxg6 48. Nc6 Kd6 49. Nd8 Kd5 50. Nf7 e4 51. f4 e3 52. Kf3 e2 53. Kxe2
Ke4 54. Nxh6 1/2-1/2

[Event "Qatar Masters Open 2024"]
[Site "Doha QAT"]
[Date "2024.12.11"]
[Round "8.54"]
[White "Garv, Rai"]
[Black "Bakhrillaev, Bakhrom"]
[Result "1/2-1/2"]
[BlackTitle "FM"]
[WhiteElo "2277"]
[BlackElo "2369"]
[WhiteFideId "35049593"]
[BlackFideId "14212285"]
[EventDate "2024.12.03"]

1. d4 Nf6 2. Bf4 g6 3. Nc3 d5 4. e3 Bg7 5. h4 h5 6. Nf3 O-O 7. Be2 c5 8. dxc5
Qa5 9. O-O Qxc5 10. Nb5 Ng4 11. Bg3 e5 12. a4 Bf5 13. b4 Qc6 14. c4 dxc4 15. Rc1
Na6 16. Bxc4 Qf6 17. Qb3 Qe7 18. Ng5 Nh6 19. Rfd1 Rfd8 20. e4 Bd7 21. Rb1 Bf6
22. Nc3 Nc7 23. b5 b6 24. Nd5 Nxd5 25. Rxd5 Be8 26. Rbd1 Rxd5 27. exd5 Rd8 28.
Ne4 Nf5 29. Nxf6+ Qxf6 30. Re1 Nxg3 31. Qxg3 Rc8 32. Bf1 Bd7 33. Qxe5 Qxh4 34.
d6 Be6 35. Rd1 Qxa4 36. Be2 Qc2 37. Bf3 Qf5 38. Qxf5 Bxf5 39. Bc6 Rd8 40. f4 Kg7
41. Kf2 h4 42. Kf3 Kf6 43. g4 hxg3 44. Kxg3 Ke6 45. d7 Kf6 46. Rd2 Be6 47. Rd1
Ke7 48. Ra1 Bxd7 49. Rxa7 Kd6 50. Rb7 Bxc6 51. Rxb6 Rc8 52. f5 g5 53. f6 Ke5 54.
Rxc6 Rb8 55. Kg4 Rxb5 56. Kxg5 Rb1 57. Rc5+ Ke6 58. Rc6+ Ke5 59. Rc5+ Kd6 60.
Ra5 Rg1+ 1/2-1/2

[Event "Qatar Masters Open 2024"]
[Site "Doha QAT"]
[Date "2024.12.11"]
[Round "8.55"]
[White "Munkhzul, Turmunkh"]
[Black "Balajayeva, Khanim"]
[Result "1-0"]
[WhiteTitle "WGM"]
[BlackTitle "IM"]
[WhiteElo "2301"]
[BlackElo "2362"]
[WhiteFideId "4901878"]
[BlackFideId "13406396"]
[EventDate "2024.12.03"]

1. e4 e5 2. Nf3 Nc6 3. Bb5 a6 4. Bxc6 dxc6 5. Nc3 f6 6. d4 exd4 7. Qxd4 Qxd4 8.
Nxd4 Bd7 9. Be3 O-O-O 10. f3 Ne7 11. Kf2 Ng6 12. Rad1 h5 13. h4 Ne5 14. b3 b5
15. Nde2 Bb4 16. Bd4 Rde8 17. Nf4 Bd6 18. Nd3 Nxd3+ 19. cxd3 Kb7 20. Ne2 a5 21.
Rc1 Ra8 22. Bc5 a4 23. b4 a3 24. d4 Be6 25. Nc3 Bc4 26. Rhe1 Rhd8 27. Rcd1 Rd7
28. Ke3 Rad8 29. Rd2 Bxc5 30. bxc5 Ka6 31. Ne2 b4 32. Nc1 Kb5 33. g3 Ka4 34.
Red1 Rb8 35. Rc2 Bxa2 36. Nxa2 b3 37. Rc4+ Ka5 38. Nc3 Rb4 39. Kd3 a2 40. Ra1 g5
41. Nxa2 bxa2 42. Rxa2+ Kb5 43. Rxb4+ Kxb4 44. hxg5 fxg5 45. Rb2+ Ka5 46. Rh2
Rh7 47. f4 gxf4 48. gxf4 Ka6 49. e5 Kb7 50. Ke4 1-0

[Event "Qatar Masters Open 2024"]
[Site "Doha QAT"]
[Date "2024.12.11"]
[Round "8.56"]
[White "Dixit, Nikhil"]
[Black "Kunal, M."]
[Result "1-0"]
[WhiteTitle "FM"]
[BlackTitle "FM"]
[WhiteElo "2361"]
[BlackElo "2292"]
[WhiteFideId "5059534"]
[BlackFideId "5018250"]
[EventDate "2024.12.03"]

1. e4 c6 2. d3 d5 3. Nd2 g6 4. Ngf3 Bg7 5. g3 e5 6. Bg2 Ne7 7. O-O O-O 8. b4 a5
9. bxa5 Qxa5 10. Bb2 d4 11. Nb3 Qc7 12. c3 dxc3 13. Bxc3 c5 14. a4 Rd8 15. Qc2
Na6 16. Na5 b6 17. Nc4 Nc6 18. Rfd1 Nab4 19. Qb2 f6 20. d4 exd4 21. Bxb4 Nxb4
22. Nxd4 Rxd4 23. Rxd4 cxd4 24. Qxb4 Rb8 25. Bf1 Be6 26. Rb1 f5 27. e5 Bd5 28.
Qd6 Qxd6 29. exd6 Be4 30. Rxb6 Rxb6 31. Nxb6 Kf8 32. a5 d3 33. Nc4 Bd4 34. Bg2
Ke8 35. Nd2 Bxg2 36. Kxg2 Kd7 37. Nc4 g5 38. Kf1 g4 39. a6 d2 40. Nxd2 Kxd6 41.
Ke2 Kd5 42. Nb1 Ba7 43. Na3 Kc6 44. Nc4 Kd5 45. Nb2 h5 46. Nd3 Kc6 47. Nf4 Bb8
48. Nxh5 Be5 49. Nf4 Kb6 50. Ng2 1-0

[Event "Qatar Masters Open 2024"]
[Site "Doha QAT"]
[Date "2024.12.11"]
[Round "8.57"]
[White "Munguntuul, Batkhuyag"]
[Black "Bhagat Kush"]
[Result "0-1"]
[WhiteTitle "IM"]
[BlackTitle "FM"]
[WhiteElo "2342"]
[BlackElo "2288"]
[WhiteFideId "4900758"]
[BlackFideId "46672940"]
[EventDate "2024.12.03"]

1. e4 c5 2. Nf3 d6 3. d4 cxd4 4. Nxd4 Nf6 5. Nc3 Nc6 6. Bg5 e6 7. Qd2 a6 8.
O-O-O Bd7 9. f4 Be7 10. Nf3 b5 11. Bxf6 gxf6 12. Kb1 b4 13. Ne2 h5 14. g3 a5 15.
Ned4 Qb6 16. Bh3 a4 17. Rhe1 a3 18. b3 Ra5 19. f5 e5 20. Ne2 Rc5 21. Nh4 Na7 22.
c4 bxc3 23. Nxc3 Bc6 24. Bf1 Bf8 25. Ka1 Bh6 26. Qd3 O-O 27. Nf3 Qb4 28. Nb1 d5
29. Ng1 dxe4 30. Qd6 Kg7 31. Rc1 Bxc1 32. Rxc1 Rxc1 33. Qxb4 Rxf1 34. Qxa3 e3
35. Qxa7 Be4 36. Kb2 Rxb1+ 37. Kc3 Rc8+ 38. Kb4 Rxg1 39. Qxe3 Rd1 40. Qe2 Rd4+
41. Ka3 Bxf5 0-1

[Event "Qatar Masters Open 2024"]
[Site "Doha QAT"]
[Date "2024.12.11"]
[Round "8.58"]
[White "Jeet, Jain"]
[Black "Abdulla, Murad"]
[Result "1-0"]
[WhiteTitle "FM"]
[BlackTitle "FM"]
[WhiteElo "2301"]
[BlackElo "2321"]
[WhiteFideId "5073022"]
[BlackFideId "2403757"]
[EventDate "2024.12.03"]

1. e4 c5 2. Nf3 e6 3. d4 cxd4 4. Nxd4 Nc6 5. Nc3 Qc7 6. Be3 a6 7. Qd2 Nf6 8. f4
d6 9. Be2 Be7 10. O-O-O O-O 11. g4 b5 12. g5 Nd7 13. f5 Nde5 14. f6 Bd8 15. fxg7
Re8 16. Nxc6 Qxc6 17. a3 Be7 18. h4 Rb8 19. h5 a5 20. Ba7 Rb7 21. g6 Kxg7 22.
Rdg1 f6 23. Qf4 h6 24. a4 bxa4 25. Qd2 Rxa7 26. Bb5 Qb7 27. Bxe8 Bf8 28. Bb5 a3
29. bxa3 a4 30. Rf1 Ra5 31. Qf4 Be7 32. Rhg1 Bd8 33. Qd2 Qc7 34. Rg3 Ba6 35.
Bxa6 Rxa6 36. Rfg1 f5 37. Qxh6+ Kxh6 38. g7 Qxg7 39. Rxg7 Ng4 40. Rg6+ Kxh5 41.
Rxe6 Bg5+ 42. Kb1 Be3 43. Rh1+ Kg5 44. exf5 Kxf5 45. Re8 Rb6+ 46. Ka2 Rc6 47.
Rf1+ Kg5 48. Ne4+ Kh5 49. Nf6+ Nxf6 50. Rxe3 Ng4 51. Re2 Kg5 52. Rg2 Rc4 53. Kb2
Kh4 54. Rh1+ Kg5 55. Rhg1 Kf5 56. Rxg4 Rxg4 57. Rxg4 Kxg4 58. Kc3 Kf4 59. Kb4
Ke4 60. Kxa4 Kd4 61. Kb4 1-0

[Event "Qatar Masters Open 2024"]
[Site "Doha QAT"]
[Date "2024.12.11"]
[Round "8.59"]
[White "Ankit Ray"]
[Black "Fandi, Mazen"]
[Result "1/2-1/2"]
[WhiteTitle "FM"]
[WhiteElo "2320"]
[BlackElo "2278"]
[WhiteFideId "25770624"]
[BlackFideId "7611625"]
[EventDate "2024.12.03"]

1. Nf3 Nf6 2. g3 d5 3. Bg2 c5 4. O-O Nc6 5. d4 e6 6. c4 Be7 7. cxd5 exd5 8. dxc5
Bxc5 9. Nc3 Be6 10. Bg5 O-O 11. Rc1 Be7 12. Nd4 h6 13. Bf4 Nxd4 14. Qxd4 Qa5 15.
Qa4 Qxa4 16. Nxa4 Rac8 17. Nc3 Rc4 18. b3 Rc6 19. Nb5 Bd7 20. a4 Rxc1 21. Rxc1
Bxb5 22. axb5 Bd8 23. Be3 Bb6 24. Bxb6 axb6 25. Rc7 Rb8 26. f3 Kf8 27. Kf2 Ne8
28. Rd7 Nf6 29. Rc7 Ne8 30. Rd7 Nf6 1/2-1/2

[Event "Qatar Masters Open 2024"]
[Site "Doha QAT"]
[Date "2024.12.11"]
[Round "8.60"]
[White "Jaiveer, Mahendru"]
[Black "Moosavifar, Seyed Abolfazl"]
[Result "0-1"]
[WhiteTitle "FM"]
[BlackTitle "FM"]
[WhiteElo "2271"]
[BlackElo "2308"]
[WhiteFideId "25611151"]
[BlackFideId "42548195"]
[EventDate "2024.12.03"]

1. e4 e5 2. Nf3 Nc6 3. Bc4 Bc5 4. c3 Nf6 5. d4 exd4 6. e5 d5 7. Bb5 Ne4 8. cxd4
Bb6 9. Nc3 O-O 10. Be3 f6 11. Qb3 Nxc3 12. bxc3 Na5 13. Qc2 Nc4 14. Bxc4 dxc4
15. exf6 Qxf6 16. Ne5 c5 17. O-O cxd4 18. cxd4 Be6 19. Rac1 Rfd8 20. Nxc4 Bxd4
21. Qe4 Qg6 22. Qh4 Bd5 23. Qh3 Be6 24. Qh4 Bd5 25. Qh3 Bf6 26. a3 Qf7 27. Nd2
Bb2 28. Rce1 Be6 29. Qg3 Bxa3 30. Ra1 Bd6 31. Qh4 Be7 32. Qg3 Bf6 33. Ra3 Bf5
34. h3 b5 35. Nf3 b4 36. Ra5 Rd5 37. Ra6 Bd3 0-1

[Event "Qatar Masters Open 2024"]
[Site "Doha QAT"]
[Date "2024.12.11"]
[Round "8.61"]
[White "Zhukova, Natalia"]
[Black "Khoder, Akram"]
[Result "1-0"]
[WhiteTitle "GM"]
[BlackTitle "FM"]
[WhiteElo "2302"]
[BlackElo "2232"]
[WhiteFideId "14101513"]
[BlackFideId "5306914"]
[EventDate "2024.12.03"]

1. Nf3 Nf6 2. c4 e6 3. Nc3 d5 4. d4 a6 5. cxd5 exd5 6. Bg5 Be6 7. e3 Nbd7 8. h3
Bd6 9. Bd3 c6 10. Bf4 Qc7 11. Qd2 h6 12. Rc1 O-O 13. O-O Ne8 14. b4 Qd8 15. Na4
g5 16. Bxd6 Nxd6 17. Nc5 Qf6 18. Nxd7 Bxd7 19. Ne5 Be8 20. f4 Qg7 21. fxg5 hxg5
22. Qf2 f6 23. Ng4 Bg6 24. Nxf6+ Kh8 25. Bxg6 Qxg6 26. Qf3 Rae8 27. Qh5+ Qxh5
28. Nxh5 Rxf1+ 29. Rxf1 Rxe3 30. Rf6 Ne4 31. Rf7 Rd3 32. Rxb7 Rd1+ 33. Kh2 Rxd4
34. Rb6 Rc4 35. Rxa6 d4 36. b5 cxb5 37. Nf6 d3 38. Nxe4 Rxe4 39. Rd6 Re3 40. Rd5
d2 41. Rxd2 Kg7 42. Rd5 Kf6 43. Rxb5 Ra3 44. Rb2 Kf5 45. Rf2+ Kg6 46. Kg1 g4 47.
hxg4 Kg5 48. Kf1 Kxg4 49. Ke1 Kg3 50. Re2 Ra8 51. Kd1 Ra7 52. Kc1 Ra8 53. Rc2
Ra7 54. Kb1 Ra8 55. Rb2 Ra7 56. Rd2 Ra8 57. Rc2 Ra7 58. Rc4 Kxg2 59. a4 Kf3 60.
Kc2 Ke3 61. Kc3 Ra8 62. Rh4 Rc8+ 63. Kb4 Rb8+ 64. Kc5 Rg8 65. a5 Rg5+ 66. Kb4
Rg6 67. Rh3+ Kd4 68. Ra3 Rg1 69. a6 Rb1+ 70. Rb3 Ra1 71. Kb5 Rh1 72. a7 Rh5+ 73.
Ka6 1-0

[Event "Qatar Masters Open 2024"]
[Site "Doha QAT"]
[Date "2024.12.11"]
[Round "8.62"]
[White "Priansh, Das"]
[Black "Tissir, Mohamed"]
[Result "1-0"]
[BlackTitle "IM"]
[WhiteElo "2311"]
[BlackElo "2342"]
[WhiteFideId "45029946"]
[BlackFideId "9000240"]
[EventDate "2024.12.03"]

1. e4 c5 2. Nf3 d6 3. d4 cxd4 4. Nxd4 Nf6 5. Nc3 a6 6. Be3 e5 7. Nb3 Be6 8. Qd2
Nbd7 9. f4 b5 10. O-O-O Rc8 11. Kb1 Be7 12. f5 Bc4 13. Rg1 Qc7 14. a3 Bxf1 15.
Rgxf1 Nb6 16. Bxb6 Qxb6 17. g4 h6 18. Qd3 O-O 19. Rg1 Rxc3 20. Qxc3 Nxe4 21. Qb4
Qb7 22. Na5 Qa8 23. Rge1 Ng5 24. Re3 Nf3 25. h3 Bg5 26. Re2 e4 27. h4 Bf4 28.
Nb3 Re8 29. Nd4 e3 30. Ne6 fxe6 31. Qxf4 exf5 32. Rxe3 fxg4 33. Rxe8+ Qxe8 34.
Qxg4 Qe2 35. Qc8+ Kf7 36. Rxd6 Nd2+ 37. Ka2 Qc4+ 38. Qxc4+ Nxc4 39. Rxa6 g5 40.
Rxh6 g4 41. Rh5 1-0

[Event "Qatar Masters Open 2024"]
[Site "Doha QAT"]
[Date "2024.12.11"]
[Round "8.63"]
[White "Vaibhav, Jayant Raut"]
[Black "Adireddy, Arjun"]
[Result "1-0"]
[WhiteTitle "CM"]
[BlackTitle "FM"]
[WhiteElo "2304"]
[BlackElo "2336"]
[WhiteFideId "5089034"]
[BlackFideId "25647709"]
[EventDate "2024.12.03"]

1. c4 e5 2. Nc3 f5 3. Nf3 Nc6 4. d4 e4 5. Ng5 Nf6 6. Nh3 g6 7. e3 Bg7 8. Be2 O-O
9. O-O Kh8 10. a3 Ne7 11. f3 d5 12. fxe4 dxe4 13. b4 c6 14. Bb2 Be6 15. b5 Bg8
16. bxc6 Nxc6 17. d5 Na5 18. Nb5 Ne8 19. Bxg7+ Nxg7 20. Rc1 b6 21. Rc2 a6 22.
Nd4 Rc8 23. a4 Rc5 24. Qa1 Qf6 25. g4 Rfc8 26. g5 Qe5 27. Rfc1 Bf7 28. Nf4 Kg8
29. h4 Qc7 30. Qb2 Qd6 31. Rb1 Rb8 32. Qb4 Qc7 33. Kg2 Kh8 34. Rd1 Qe5 35. Rcd2
Rbc8 36. Qxb6 Nxc4 37. Bxc4 Rxc4 38. Nc6 Qe8 39. Qxa6 Rc3 40. Qb6 Bg8 41. a5 Ra8
42. Qd4 Ra3 43. Rb1 Qc8 44. Rdb2 Qf8 45. d6 Qc8 46. Rb7 Ra2+ 47. Kg1 Qf8 48. d7 1-0

[Event "Qatar Masters Open 2024"]
[Site "Doha QAT"]
[Date "2024.12.11"]
[Round "8.64"]
[White "Baradaran Tamadon, Arian"]
[Black "Ezat, Mohamed"]
[Result "1-0"]
[WhiteTitle "FM"]
[BlackTitle "IM"]
[WhiteElo "2334"]
[BlackElo "2312"]
[WhiteFideId "12595837"]
[BlackFideId "10600906"]
[EventDate "2024.12.03"]

1. e4 e5 2. Nf3 Nc6 3. Bb5 a6 4. Ba4 Nf6 5. O-O Be7 6. Re1 b5 7. Bb3 O-O 8. c3
d6 9. d4 Bg4 10. Be3 d5 11. exd5 exd4 12. Bxd4 Nxd4 13. cxd4 Re8 14. h3 Bh5 15.
g4 Bg6 16. Ne5 Bb4 17. Nc3 Bxc3 18. bxc3 Ne4 19. f4 Qh4 20. Qf3 Nd2 21. Qf2
Qxf2+ 22. Kxf2 Nxb3 23. axb3 Bc2 24. Ra3 b4 25. cxb4 f6 26. Nc4 Reb8 27. Re2 Bg6
28. Re7 Bf7 29. Rxc7 Rxb4 30. d6 Rd8 31. d7 Kf8 32. Nd6 Rxd4 33. Rc8 Rxd6 34.
Rxd8+ Ke7 35. Ra8 Rxd7 36. R8xa6 Bd5 37. Ra7 Bb7 38. R3a4 Kd8 39. Rb4 1-0

[Event "Qatar Masters Open 2024"]
[Site "Doha QAT"]
[Date "2024.12.11"]
[Round "8.65"]
[White "Omar, Noaman"]
[Black "Sultan, Ibrahim"]
[Result "0-1"]
[WhiteTitle "IM"]
[BlackTitle "IM"]
[WhiteElo "2315"]
[BlackElo "2205"]
[WhiteFideId "9300244"]
[BlackFideId "9301143"]
[EventDate "2024.12.03"]

1. d4 d5 2. c4 c6 3. Nf3 Nf6 4. Nc3 e6 5. Qc2 c5 6. cxd5 exd5 7. Bg5 Nc6 8. dxc5
Bxc5 9. Bxf6 Qxf6 10. Nxd5 Qd6 11. e4 O-O 12. Rd1 Nb4 13. Qb3 Nxd5 14. Bc4 Qg6
15. Rxd5 Qxe4+ 16. Kf1 Bb6 17. Re5 Qc6 18. h3 h6 19. Bd5 Qc1+ 20. Re1 Qc5 21.
Re2 Bf5 22. g4 Be6 23. Bxe6 fxe6 24. Rc2 Qd6 25. Kg2 Rf6 26. Rf1 Raf8 27. Ne1
Bc7 28. Rh1 Qe5 29. Qd3 Bb6 30. Rf1 Rd8 31. Qc4 Rf4 32. Re2 Qf6 33. Qxe6+ Qxe6
34. Rxe6 Rd2 35. Nd3 0-1

[Event "Qatar Masters Open 2024"]
[Site "Doha QAT"]
[Date "2024.12.11"]
[Round "8.66"]
[White "Sriansh Das"]
[Black "Luong Phuong Hanh"]
[Result "1-0"]
[BlackTitle "WIM"]
[WhiteElo "2315"]
[BlackElo "2225"]
[WhiteFideId "45030081"]
[BlackFideId "12401013"]
[EventDate "2024.12.03"]

1. e4 c5 2. Nf3 e6 3. d4 cxd4 4. Nxd4 a6 5. Bd3 Qc7 6. O-O Nf6 7. c4 Nc6 8. Nxc6
dxc6 9. f4 Bc5+ 10. Kh1 e5 11. f5 Bd7 12. Nd2 Be3 13. Qe2 Bg5 14. c5 Bxd2 15.
Bxd2 h5 16. Bc4 h4 17. Rad1 Nh5 18. Kg1 Nf4 19. Bxf4 exf4 20. h3 O-O-O 21. Rd6
Qa5 22. Qf2 Rde8 23. Qd4 Re7 24. Rd1 Rhe8 25. b4 Qc7 26. Qxg7 Kb8 27. f6 Rxe4
28. Qxf7 Bc8 29. Qxc7+ Kxc7 30. f7 Rf8 31. Rd8 1-0

[Event "Qatar Masters Open 2024"]
[Site "Doha QAT"]
[Date "2024.12.11"]
[Round "8.67"]
[White "Kiolbasa, Oliwia"]
[Black "Wafa, Hamed"]
[Result "1-0"]
[WhiteTitle "IM"]
[BlackTitle "IM"]
[WhiteElo "2371"]
[BlackElo "2359"]
[WhiteFideId "1154613"]
[BlackFideId "10628452"]
[EventDate "2024.12.03"]

1. e4 c5 2. Nf3 d6 3. d4 cxd4 4. Nxd4 Nf6 5. Nc3 Nc6 6. Bg5 e6 7. Qd2 a6 8.
O-O-O Bd7 9. Kb1 Nxd4 10. Qxd4 Be7 11. f4 Bc6 12. f5 Qa5 13. Bc4 exf5 14. Bd5 h6
15. Bxf6 gxf6 16. exf5 Kf8 17. Rhe1 Re8 18. Qc4 Bxd5 19. Nxd5 Qd8 20. Re2 1-0

[Event "Qatar Masters Open 2024"]
[Site "Doha QAT"]
[Date "2024.12.11"]
[Round "8.68"]
[White "Binu, Devdutt"]
[Black "Socko, Monika"]
[Result "1/2-1/2"]
[WhiteTitle "CM"]
[BlackTitle "GM"]
[WhiteElo "2274"]
[BlackElo "2402"]
[WhiteFideId "366108941"]
[BlackFideId "1106619"]
[EventDate "2024.12.03"]

1. Nf3 Nf6 2. g3 g6 3. b3 Bg7 4. Bb2 d6 5. d4 O-O 6. Bg2 e5 7. dxe5 Nfd7 8. Nbd2
dxe5 9. e4 Nc6 10. O-O a5 11. a4 Nc5 12. Qe2 Nd4 13. Nxd4 exd4 14. Nc4 Qe7 15.
Rad1 Rd8 16. Ba3 b6 17. e5 Rb8 18. f4 Bf8 19. Nb2 Qe8 20. Bxc5 Bxc5 21. Nd3 Bf8
22. Be4 Bh6 23. Kg2 c5 24. f5 Be3 25. Qf3 Qe7 26. e6 gxf5 27. Qxf5 fxe6 28. Qg4+
Qg5 29. Qf3 Qg7 30. Ne5 Bb7 31. Bxb7 Rf8 32. Qg4 Qxg4 33. Rxf8+ Kxf8 34. Nxg4
Rxb7 35. Nxe3 dxe3 36. Kf3 Ke7 37. Kxe3 Rb8 38. Rd2 Rg8 39. Rf2 Rg5 40. Kd3 Kd6 1/2-1/2

[Event "Qatar Masters Open 2024"]
[Site "Doha QAT"]
[Date "2024.12.12"]
[Round "9.1"]
[White "Erigaisi, Arjun"]
[Black "Esipenko, Andrey"]
[Result "1/2-1/2"]
[WhiteTitle "GM"]
[BlackTitle "GM"]
[WhiteElo "2801"]
[BlackElo "2682"]
[WhiteFideId "35009192"]
[BlackFideId "24175439"]
[EventDate "2024.12.03"]

1. d4 Nf6 2. c4 e6 3. Nf3 d5 4. cxd5 exd5 5. Nc3 Bb4 6. Bf4 Ne4 7. Rc1 Nc6 8.
Nd2 g5 9. Be3 Nxc3 10. bxc3 Ba3 11. Rb1 f5 12. g3 Bd6 13. Nf3 f4 14. Bd2 O-O 15.
gxf4 gxf4 16. c4 Qe8 17. c5 Be7 18. Rg1+ Kh8 19. Qc1 Qf7 20. Rb3 Qf6 21. h4 Qh6
22. Bg2 Rb8 23. Ng5 Bxg5 24. hxg5 Qh2 25. Kf1 Bg4 26. Qe1 Rbe8 27. f3 Bh3 28.
Qf2 Nd8 29. g6 Re7 30. Bxh3 Qxh3+ 31. Qg2 Qxg2+ 32. Rxg2 c6 33. e4 fxe3 34. Rxe3
Rg7 35. gxh7 Rxg2 36. Kxg2 Kxh7 37. Ba5 Kg6 38. Re7 Nf7 39. Rxb7 Ng5 40. Rb3 Ne6
41. Bc3 Nf4+ 42. Kf1 Rh8 43. Rb7 Rh2 44. a4 Ra2 45. a5 Ne2 46. Bb2 Nf4 47. Bc3
Ne2 48. Bb2 Nf4 1/2-1/2